| 000 | 00437nam a2200169Ia 4500 | ||
|---|---|---|---|
| 005 | 20250423100455.0 | ||
| 008 | 250422s9999 xx 000 0 und d | ||
| 020 | _a0-8151-6518-8 (set) | ||
| 050 | _aRD 137 .P42/ | ||
| 245 | 0 | _aPediatric surgery | |
| 250 | _a5th ed. | ||
| 260 | _aSt. Louis | ||
| 260 | _bMosby | ||
| 260 | _c1998 | ||
| 650 | _aChildren_Surgery. Surgical Procedures, Operative_in infancy & childhood. | ||
| 942 | _cBK | ||
| 999 |
_c33416 _d33416 |
||